| 000 | 00482nam a22001457a 4500 | ||
|---|---|---|---|
| 008 | 140910b xxu||||| |||| 00| 0 eng d | ||
| 022 | _a07011733 | ||
| 050 | _aKE1232.A45.C36(1981 vol.15) | ||
| 245 |
_aCanadian cases on the Law of Torts(1981 vol.15): _bAnnotated. / _cedited by John Irvine. |
||
| 260 |
_aToronto: _bThe Carswell Co Ltd, _c1981. |
||
| 300 |
_axxvi,304p.: _c23cm. |
||
| 440 |
_pCanadian cases on the Law Reports. _vvol.18. |
||
| 800 | _aIrwine, John. | ||
| 942 |
_2lcc _cBK |
||
| 999 |
_c4530 _d12030 |
||